Movies Quiz

Random Movies Quiz

TOP 10 VILLAINS Quiz Stats

Quiz not verified by Sporcle

Challenge
Share
Tweet
Embed
Score 0/10 Timer 10:00
0 Plays Today
Film Villain % Correct
Blazing SaddlesHedley Lamarr
66.7%
The WarriorsLuther
44.4%
Magnum ForceLt. Briggs
44.4%
La HaineVinz
44.4%
True GritNed Pepper
44.4%
The Mask of ZorroCaptain Harrison Love
33.3%
White HeatCody Jarrett
33.3%
Vera CruzThe Marquis
33.3%
The EnforcerBobby Maxwell
33.3%
Get CarterKinnear
33.3%

You're not logged in!

Compare scores with friends on all Sporcle quizzes.
Join for Free
OR
Log In

You Might Also Like...

Show Comments

Extras

Top Quizzes Today


Score Distribution

Your Account Isn't Verified!

In order to create a playlist on Sporcle, you need to verify the email address you used during registration. Go to your Sporcle Settings to finish the process.

Report this User

Report this user for behavior that violates our Community Guidelines.

Details: